| 000 | 00432cam a2200181ua 4500 | ||
|---|---|---|---|
| 020 | _cRs 4.00 | ||
| 041 |
_ahin _h |
||
| 082 |
_a891.54 _bRAG/SN |
||
| 100 | _aRagvendra, Mishra . | ||
| 245 |
_aSnehlata / _cRagvendra Mishra. _hTextual Documents |
||
| 250 |
_a1 / _b. |
||
| 260 |
_aIndia : _bNational Publishing , _c1960. |
||
| 300 | _a204 ; . | ||
| 365 | _aRs 4.00 | ||
| 504 | _a | ||
| 942 | _cBK | ||
| 999 |
_c3571 _d3571 |
||